000 00710nam a2200205 i 4500
001 79248
003 ES-MaACL
005 20230906173933.0
007 t|
008 041020s1906 sp ||||1| spa d
100 1 _aHéricourt, Jules.
_962717
245 1 4 _aLas fronteras de la enfermedad
_b: enfermedades latentes y enfermedades atenuadas /
_cJ. Héricourt ; versión de José Muñoz Escámez.
260 _aMadrid :
_bLibrería Gutenbert,
_c1906 (
_fRatés)
300 _a273 p. ;
_c19 cm.
490 1 _aBiblioteca de Filosofía científica
700 1 _aMuñoz Escamez, José.
_984409
830 0 _aBiblioteca de Filosofía científica
_9231423
852 _aES-MaACL
_jF-6179
999 _c79248
_d79248